000 00596nam a2200229 i 4500
001 3216715
005 20180103032537.0
008 790228s1978 enka b 001 0 eng
010 _a 78326376
015 _aGB***
020 _a0416673406 :
_c£16.50
040 _aDLC
_cDLC
_dDLC
041 _aeng
080 _a301.321
082 0 0 _a301.321 AND
100 1 _a10
101 _aGJIN
245 1 0 _aDeterminants of fertility in advanced societies /
_cRudolf Andorka.
504 _aBibliography: p. [385]-419.
906 _a7
_bcbc
_corignew
_d4
_encip
_f19
_gy-gencatlg
942 _2ddc
_cBK
999 _c39588
_d39588